| 000 | 00669nam a2200181 a 4500 | ||
|---|---|---|---|
| 008 | 120416s1979 ||||||||||||||||| || u | ||
| 050 | _aQA 402.5 Bei | ||
| 100 | _aBeightler, Charles S | ||
| 245 | 1 | 0 | _aFoundations of optimization |
| 250 | _a2nd.ed | ||
| 260 |
_aEnglewood Cliffs, N.J. _bFT Prentice-Hall _c[1979] |
||
| 300 | _axvii, 487p. | ||
| 350 | _a0.00 | ||
| 650 | 0 | _aMATHEMATICS--HANDBOOKS, MANUALS, ETC | |
| 650 | _aMATHEMATICAL OPTIMIZATION | ||
| 700 | _aWilde, Douglass J. [and] Phillips,Don.T | ||
| 995 |
_D0.00 _FCBU-MAIN LIBRARY (Kitwe) _H1 _I0.00 _M1 _UAVAILABLE _ZMain Library Open Access Collection |
||
| 999 |
_c43908 _d43908 |
||